Светодиодные индикаторы уровня на микросхемах семейства LM3914; Схемотехника; № 8

Bibliografiske detaljer
Parent link:Схемотехника: научно-технический журнал.— , 2002-2007
№ 8.— 2003.— С. 2-3
Hovedforfatter: Бирюков С.
Sprog:russisk
Udgivet: 2003
Serier:Измерительная техника
Fag:
Format: MixedMaterials Book Chapter
KOHA link:https://koha.lib.tpu.ru/cgi-bin/koha/opac-detail.pl?biblionumber=389837

MARC

LEADER 00000naa2a2200000 4500
001 389837
005 20231101063918.0
035 |a (RuTPU)RU\TPU\prd\22411 
090 |a 389837 
100 |a 20040209a2003 k y0rusy50 ca 
101 0 |a rus 
102 |a RU 
200 1 |a Светодиодные индикаторы уровня на микросхемах семейства LM3914  |f С. Бирюков 
225 1 |a Измерительная техника 
311 |a Продолжение. Начало: 2003, №6. 
320 |a Библиогр.: 4 назв. 
461 1 |0 (RuTPU)RU\TPU\prd\2494  |t Схемотехника  |o научно-технический журнал  |d 2002-2007 
463 1 |0 (RuTPU)RU\TPU\prd\19085  |t № 8  |v С. 2-3  |d 2003 
610 1 |a индикаторы 
610 1 |a светодиодные индикаторы 
610 1 |a микросхемы 
610 1 |a встренные делители 
610 1 |a делители напряжения 
610 1 |a логарифмические индикаторы 
610 1 |a индикаторы мощности 
700 1 |a Бирюков  |b С. 
801 1 |a RU  |b 63413507  |c 20040209  |g PSBO 
801 2 |a RU  |b 63413507  |c 20131218  |g RCR 
942 |c BK